| 000 | 00380nam a22001457a 4500 | ||
|---|---|---|---|
| 008 | 250708b |||||||| |||| 00| 0 eng d | ||
| 020 | _a9780241360637 | ||
| 050 |
_aQB 981 _b.R68 |
||
| 100 | _aRotham Aviva | ||
| 245 | _aThe Dawn of Modern Cosmology from Copernicus to Newton | ||
| 260 |
_aDublin _bPenguin Books _c2023 |
||
| 300 | _a616p. | ||
| 650 | _aAsfronomy | ||
| 942 | _cBK | ||
| 999 |
_c4186 _d4186 |
||